| 000 | 00822cam a2200229 i 4500 | ||
|---|---|---|---|
| 005 | 20171212141850.0 | ||
| 008 | 091117s1982 fr a f |001 0 fre c | ||
| 020 | _a204015499X | ||
| 035 | _axx002501200 | ||
| 039 | 9 |
_a201706081227 _bkopilwa _c201304050123 _dVLOAD _c201304040138 _dVLOAD _c201206010124 _dVLOAD _y201205251023 _zVLOAD |
|
| 040 |
_aNUKAT _cGD 015/TA |
||
| 100 | 1 | _aLe Verrand, Dominique. | |
| 245 | 1 | 3 |
_aLe langage ADA manuel d'évaluation / _cpar Dominique Le Verrand. |
| 260 |
_aParis : _bBordas, _ccop. 1982. |
||
| 300 |
_a266 s. : _bil. ; _c24 cm. |
||
| 490 | 1 | _aDunod Informatique | |
| 504 | _aBibliogr. s. 259-264. | ||
| 830 | 0 |
_aDunod Informatique _x0291-1604 |
|
| 920 | _a2-04-015499-X | ||
| 961 | _aWA_310 | ||
| 999 |
_aVIRTUA _c18703 _d18703 |
||
| 999 | _aVTLSSORT0010*0080*0200*0350*0390*0400*1000*2450*2600*3000*4900*5040*8300*9200*9520*9992 | ||